000 00296nam a2200121Ia 4500
008 190216s9999||||xx |||||||||||||| ||und||
100 _aVallathol
245 0 _aVishukkani
260 _b"Vallathol Grandhalayam, Cheruthuruthi"
_c1976
300 _a52p
650 _aMalayalam Kavitha
942 _cBK
999 _c24232
_d24232